<?xml version="1.0" encoding="UTF-8"?><record xmlns="http://www.loc.gov/MARC21/slim" xmlns:zs="http://docs.oasis-open.org/ns/search-ws/sruResponse">
  <leader>00704cz  a2200169n  4500</leader>
  <controlfield tag="001">n  79096864 </controlfield>
  <controlfield tag="003">DLC</controlfield>
  <controlfield tag="005">20000415150754.0</controlfield>
  <controlfield tag="008">800528n| acannaabn          |a aaa      </controlfield>
  <datafield ind1=" " ind2=" " tag="010">
    <subfield code="a">n  79096864 </subfield>
  </datafield>
  <datafield ind1=" " ind2=" " tag="035">
    <subfield code="a">(OCoLC)oca00329068</subfield>
  </datafield>
  <datafield ind1=" " ind2=" " tag="040">
    <subfield code="a">DLC</subfield>
    <subfield code="b">eng</subfield>
    <subfield code="c">DLC</subfield>
    <subfield code="d">DLC</subfield>
    <subfield code="d">NjP</subfield>
    <subfield code="d">OCoLC</subfield>
  </datafield>
  <datafield ind1="1" ind2=" " tag="100">
    <subfield code="a">Jespersen, Otto,</subfield>
    <subfield code="d">1860-1943</subfield>
  </datafield>
  <datafield ind1="1" ind2=" " tag="400">
    <subfield code="a">Espersen, Otto,</subfield>
    <subfield code="d">1860-1943</subfield>
  </datafield>
  <datafield ind1="1" ind2=" " tag="400">
    <subfield code="a">Yeh-ssu-po-sen, Ao-tʻo,</subfield>
    <subfield code="d">1860-1943</subfield>
  </datafield>
  <datafield ind1=" " ind2=" " tag="670">
    <subfield code="a">Universitets-jubilæets danske samfund, Copenhagen. Dania ...</subfield>
  </datafield>
  <datafield ind1=" " ind2=" " tag="670">
    <subfield code="a">Yü fa che hsüeh, 1988:</subfield>
    <subfield code="b">t.p. (Ao-tʻo Yeh-ssu-po-sen) p. 1, 2nd group, etc. (Danish linguist; Otto Jespersen [in rom.]; b. 7-16-1860, Randers, Denmark; Ph. D., Oxford Univ.; d. 4-30-1943, Roskilde, Denmark)</subfield>
  </datafield>
</record>
